Normal view
MARC view
- AKHTER ,MALIK NAVEED
Entry Personal Name
001 - CONTROL NUMBER
- control field: 121583
003 - CONTROL NUMBER IDENTIFIER
- control field: NUST
005 - DATE AND TIME OF LATEST TRANSACTION
- control field: 20240228104433.0
008 - FIXED-LENGTH DATA ELEMENTS
- fixed length control field: 240228|| aca||aabn | a|a d
040 ## - CATALOGING SOURCE
- Original cataloging agency: NUST
- Transcribing agency: NUST
100 ## - HEADING--PERSONAL NAME
- Personal name: AKHTER ,MALIK NAVEED
670 ## - SOURCE DATA FOUND
- Source citation: Work cat.: (NUST): AKHTER ,MALIK NAVEED, DESIGN AND DEVELOPMENT OF SOFT EXOSKELETAL GLOVE /
